<?xml version="1.0" encoding="UTF-8"?>
<record
    xmlns:xsi="http://www.w3.org/2001/XMLSchema-instance"
    xsi:schemaLocation="http://www.loc.gov/MARC21/slim http://www.loc.gov/standards/marcxml/schema/MARC21slim.xsd"
    xmlns="http://www.loc.gov/MARC21/slim">

  <leader>00673nam a22002417a 4500</leader>
  <controlfield tag="005">20230412094553.0</controlfield>
  <controlfield tag="008">230412b           ||||| |||| 00| 0 eng d</controlfield>
  <datafield tag="040" ind1=" " ind2=" ">
    <subfield code="c">AL</subfield>
  </datafield>
  <datafield tag="041" ind1=" " ind2=" ">
    <subfield code="a">eng</subfield>
  </datafield>
  <datafield tag="082" ind1=" " ind2=" ">
    <subfield code="a">330/220</subfield>
    <subfield code="b">HANE</subfield>
  </datafield>
  <datafield tag="100" ind1=" " ind2=" ">
    <subfield code="a">V B Hans</subfield>
    <subfield code="9">86607</subfield>
  </datafield>
  <datafield tag="245" ind1=" " ind2=" ">
    <subfield code="a">Economics: a hand book for PUC I year</subfield>
  </datafield>
  <datafield tag="260" ind1=" " ind2=" ">
    <subfield code="a">Mangalore</subfield>
    <subfield code="b">J J Publications</subfield>
    <subfield code="c">1999</subfield>
  </datafield>
  <datafield tag="300" ind1=" " ind2=" ">
    <subfield code="a">xii,265p.</subfield>
    <subfield code="b">PB</subfield>
    <subfield code="c">21x14cm.</subfield>
  </datafield>
  <datafield tag="365" ind1=" " ind2=" ">
    <subfield code="2">Economics</subfield>
    <subfield code="b">65.00</subfield>
    <subfield code="c">&#x20B9;</subfield>
    <subfield code="d">65.00</subfield>
  </datafield>
  <datafield tag="650" ind1=" " ind2=" ">
    <subfield code="a">Consumption</subfield>
    <subfield code="9">86600</subfield>
  </datafield>
  <datafield tag="650" ind1=" " ind2=" ">
    <subfield code="a">Economic Organistion</subfield>
    <subfield code="9">86601</subfield>
  </datafield>
  <datafield tag="650" ind1=" " ind2=" ">
    <subfield code="a">Exchange</subfield>
    <subfield code="9">86602</subfield>
  </datafield>
  <datafield tag="650" ind1=" " ind2=" ">
    <subfield code="a">Economic Planning</subfield>
    <subfield code="9">86603</subfield>
  </datafield>
  <datafield tag="650" ind1=" " ind2=" ">
    <subfield code="a">PUC I Year</subfield>
    <subfield code="9">86608</subfield>
  </datafield>
  <datafield tag="700" ind1=" " ind2=" ">
    <subfield code="a">HANS (V B)</subfield>
    <subfield code="9">86604</subfield>
  </datafield>
  <datafield tag="942" ind1=" " ind2=" ">
    <subfield code="2">ddc</subfield>
    <subfield code="c">DB</subfield>
  </datafield>
  <datafield tag="999" ind1=" " ind2=" ">
    <subfield code="c">227170</subfield>
    <subfield code="d">227170</subfield>
  </datafield>
  <datafield tag="952" ind1=" " ind2=" ">
    <subfield code="0">0</subfield>
    <subfield code="1">0</subfield>
    <subfield code="2">ddc</subfield>
    <subfield code="4">0</subfield>
    <subfield code="7">0</subfield>
    <subfield code="8">ECO</subfield>
    <subfield code="a">AL</subfield>
    <subfield code="b">AL</subfield>
    <subfield code="c">UGC</subfield>
    <subfield code="d">2000-07-04</subfield>
    <subfield code="l">0</subfield>
    <subfield code="o">330/220 HANE</subfield>
    <subfield code="p">D01899</subfield>
    <subfield code="r">2023-04-12 00:00:00</subfield>
    <subfield code="w">2023-04-12</subfield>
    <subfield code="y">DB</subfield>
  </datafield>
  <datafield tag="952" ind1=" " ind2=" ">
    <subfield code="0">0</subfield>
    <subfield code="1">0</subfield>
    <subfield code="2">ddc</subfield>
    <subfield code="4">0</subfield>
    <subfield code="7">0</subfield>
    <subfield code="8">ECO</subfield>
    <subfield code="a">AL</subfield>
    <subfield code="b">AL</subfield>
    <subfield code="c">UGC</subfield>
    <subfield code="d">2000-07-04</subfield>
    <subfield code="l">0</subfield>
    <subfield code="o">330/219 HANE</subfield>
    <subfield code="p">D01898</subfield>
    <subfield code="r">2023-04-12 00:00:00</subfield>
    <subfield code="w">2023-04-12</subfield>
    <subfield code="y">DB</subfield>
  </datafield>
  <datafield tag="952" ind1=" " ind2=" ">
    <subfield code="0">0</subfield>
    <subfield code="1">0</subfield>
    <subfield code="2">ddc</subfield>
    <subfield code="4">0</subfield>
    <subfield code="7">0</subfield>
    <subfield code="8">ECO</subfield>
    <subfield code="a">AL</subfield>
    <subfield code="b">AL</subfield>
    <subfield code="c">UGC</subfield>
    <subfield code="d">2000-07-04</subfield>
    <subfield code="l">0</subfield>
    <subfield code="o">330/218 HANE</subfield>
    <subfield code="p">D01897</subfield>
    <subfield code="r">2023-04-12 00:00:00</subfield>
    <subfield code="w">2023-04-12</subfield>
    <subfield code="y">DB</subfield>
  </datafield>
</record>
